| 000 | 00873cam a22002291 4500 | ||
|---|---|---|---|
| 001 | ca 11002300 | ||
| 003 | DLC | ||
| 005 | 20260227111056.0 | ||
| 008 | 740326s1911 xx 000 0 eng | ||
| 010 | _aca 11002300 | ||
| 035 | _a(OCoLC)840622 | ||
| 040 |
_aDLC _cPBm _dDLC |
||
| 042 | _apremarc | ||
| 050 | 0 | 0 |
_aDS815 _b.M8 |
| 100 | 1 |
_aMunro, Neil Gordon, _d1863-1942. |
|
| 245 | 1 | 0 |
_aPrehistoric Japan, _cby Neil Gordon Munro. |
| 260 |
_aYokohama, _c1911. |
||
| 300 |
_axvii, 705 p., _billus., col. front., plates (part col., part fold.) maps (part fold.) _c24cm. |
||
| 500 | _aPreface dated January 15th, 1908, followed by note stating: Most of this book was destroyed by fire immediately after completion. Reprinting has been delayed through the author's absence ... January, 1911." | ||
| 651 | 0 |
_aJapan _xAntiquities. |
|
| 651 | 0 |
_aJapan _xSocial life and customs. |
|
| 999 |
_c14523 _d14523 |
||